Angliæ notitia, or, The present state of England : the first and second part : together with divers reflections upon the antient state thereof /

Bibliographic Details
Main Author: Chamberlayne, Edward, 1616-1703
Format: eBook
Language:English
Published: [London] : Printed by T.N. for John Martyn, 1671.
Edition:The fifth edition, corrected and newly augmented.
Series:Early English books online.
Subjects:
Online Access:Connect to the full text of this electronic book

MARC

Tag First Indicator Second Indicator Subfields
LEADER 00000nam a2200000Ia 4500
001 in00004238421
005 20200807091309.0
006 m g d
007 cr bn |||a|bb|
008 830512s1671 enk o 00| | eng d
035 |a (OCoLC)9506204 
040 |a UMI  |c UMI  |d m/c  |d UMI  |d WaOLN 
037 |a CL0037000045  |b ProQuest Information and Learning. 300 N. Zeeb Rd., Ann Arbor, MI 48106 
043 |a e-uk--- 
045 |a u-u- 
090 |a DA615  |b .C53 1671 
049 |a UMIA 
100 1 |a Chamberlayne, Edward,  |d 1616-1703. 
245 1 0 |a Angliæ notitia, or, The present state of England :  |b the first and second part : together with divers reflections upon the antient state thereof /  |c by Edward Chamberlayne. 
250 |a The fifth edition, corrected and newly augmented. 
260 |a [London] :  |b Printed by T.N. for John Martyn,  |c 1671. 
300 |a 1 online resource ([12], 342, [21], 527 pages) 
336 |a text  |b txt  |2 rdacontent 
337 |a computer  |b c  |2 rdamedia 
338 |a online resource  |b cr  |2 rdacarrier 
500 |a Each part has special t.p. and separate pagination. 
500 |a Part I only from the Cambridge University Library, Pt. II filmed at the Huntington Library. 
500 |a Reproduction of original in the Cambridge University Library. 
510 4 |a Wing  |c C1823. 
533 |a Electronic reproduction.  |b Ann Arbor, Mich. :  |c UMI,  |d 1999-  |f (Early English books online)  |n Digital version of: (Early English books, 1641-1700 ; 1327:1)  |7 s1999 miun s 
651 0 |a Great Britain  |x Description and travel. 
651 0 |a Great Britain  |x Description and travel  |v Early works to 1800. 
651 0 |a Great Britain  |x Politics and government  |y 1660-1714. 
740 0 |a Present state of England. 
830 0 |a Early English books online. 
856 4 0 |u http://proxy.library.tamu.edu/login?url=https://search.proquest.com/docview/2264191181  |z Connect to the full text of this electronic book  |t 0 
999 f f |s f3c8a416-9ad7-3f40-b106-a64ced93a5df  |i 51a8f227-7913-3ba1-9f0d-1857db3c0337  |t 0 
952 f f |a Texas A&M University  |b College Station  |c Electronic Resources  |d Available Online  |t 0  |e DA615 .C53 1671  |h Library of Congress classification 
998 f f |a DA615 .C53 1671  |t 0  |l Available Online